| 000 | 00971nam a2200241 a 4500 | ||
|---|---|---|---|
| 001 | 83620 | ||
| 003 | BD-RjUL | ||
| 005 | 20240430123449.0 | ||
| 008 | 240430s2008 bg a|||| m||| 00| 0 eng d | ||
| 035 | _a(BD-RjUL)83620 | ||
| 040 |
_aBD-RjUL _beng _cBD-RjUL _dBD-RjUL |
||
| 041 | _aeng | ||
| 082 |
_223 _a581.634752 _bBAP 2008 |
||
| 100 |
_aBanu, Mst. Layla Arzumand _912785 |
||
| 245 | 1 | 0 |
_aPlants Used for Birth Control and Biotecnological Approaches for Conservation of some Important Species / _cBy Mst. Layla Arzumand Banu ; _6Supervisor : M. A. Bari Miah |
| 260 |
_aRajshahi : _bInstitute of Biological Sciences, University of Rajshahi, _c2008 |
||
| 300 |
_aiii, [7], 332 Leaves : _bill, ; _c29 cm. |
||
| 502 | _aThesis (Ph. D.) -- Institute of Biological Sciences, University of Rajshahi, 2008 | ||
| 504 | _aReferences : Leaves [308]-332 | ||
| 650 |
_aMedicinal Plants _vBiotecnological _912786 |
||
| 700 |
_aMiah, M. A. Bari, Supervisor _94202 |
||
| 942 |
_2ddc _cTHE |
||
| 999 |
_c83620 _d83620 |
||